000 00813nam a22002057a 4500
003 BDDh-ASL
005 20240219121910.0
008 220926s2015 b ||||| |||| 00| 0 b d
040 _cBDDh-ASL
041 _aben
082 _a403.54922
_bBHD
100 1 _96606
_aভূঞা, মোশাররফ হোসেন
245 1 _aঢাকাইয়া কুট্টি ভাষার অভিধান /
246 _aDhakaiya Kutti Bhashar Abhidhan.
260 _aঢাকা:
_bঐতিহ্য,
_c২০১৫।
300 _a৩৪৩ পৃষ্ঠা:
_c১৯ সে. মি.
650 0 _95570
_aDictionary (অভিধান)
650 0 _96525
_aBangla Dictionary (বাংলা অভিধান)
_xDhakaiya Language (ঢাকাইয়া ভাষা)
942 _2ddc
_cBK
999 _c29326
_d29326